Mil soles espléndidos / (Registro nro. 65651)
[ vista simple ]
| 000 -LEADER | |
|---|---|
| fixed length control field | 01556cam a2200397 i 4500 |
| 001 - CONTROL NUMBER | |
| control field | 65651 |
| 003 - CONTROL NUMBER IDENTIFIER | |
| control field | Mx-PuUPA |
| 005 - DATE AND TIME OF LATEST TRANSACTION | |
| control field | 20250320115925.0 |
| 008 - FIXED-LENGTH DATA ELEMENTS--GENERAL INFORMATION | |
| fixed length control field | 160627s2019 sp dr 000 fdspa d |
| 020 ## - INTERNATIONAL STANDARD BOOK NUMBER | |
| International Standard Book Number | 9788498382327 |
| 040 ## - CATALOGING SOURCE | |
| Transcribing agency | Mx-PuUPA |
| Original cataloging agency | Mx-PuUPA |
| Language of cataloging | spa |
| Modifying agency | Mx-PuUPA |
| Description conventions | rda |
| 041 1# - LANGUAGE CODE | |
| Language code of text/sound track or separate title | spa |
| Language code of original | eng |
| 043 ## - GEOGRAPHIC AREA CODE | |
| Geographic area code | a-af--- |
| 100 1# - MAIN ENTRY--PERSONAL NAME | |
| Personal name | Hosseini, Khaled, |
| Dates associated with a name | 1965- |
| Relator term | autor |
| 9 (RLIN) | 2973 |
| 240 10 - UNIFORM TITLE | |
| Uniform title | A thousand splendid suns. |
| Language of a work | Español |
| 245 10 - TITLE STATEMENT | |
| Title | Mil soles espléndidos / |
| Statement of responsibility, etc. | Khaled Hosseini ; traducción, Gema Moral Bartolomé |
| 250 ## - EDITION STATEMENT | |
| Edition statement | Vigesimoctava edición |
| 264 #1 - PRODUCTION, PUBLICATION, DISTRIBUTION, MANUFACTURE, AND COPYRIGHT NOTICE | |
| Place of production, publication, distribution, manufacture | Barcelona : |
| Name of producer, publisher, distributor, manufacturer | Salamandra, |
| Date of production, publication, distribution, manufacture, or copyright notice | 2019 |
| 300 ## - PHYSICAL DESCRIPTION | |
| Extent | 412 páginas ; |
| Dimensions | 21 cm. |
| 336 ## - CONTENT TYPE | |
| Content type term | texto |
| Fuente | rdacontent |
| Content type code | txt |
| 337 ## - MEDIA TYPE | |
| Media type term | sin medio |
| Source | rdamedia |
| Media type code | n |
| 338 ## - CARRIER TYPE | |
| Carrier type term | volumen |
| Source | rdacarrier |
| Carrier type code | nc |
| 490 0# - SERIES STATEMENT | |
| Series statement | Salamandra Bolsillo ; |
| Volume/sequential designation | 76 |
| 650 #7 - SUBJECT ADDED ENTRY--TOPICAL TERM | |
| Source of heading or term | armarc |
| Topical term or geographic name entry element | Familias |
| Form subdivision | Novela |
| 650 #7 - SUBJECT ADDED ENTRY--TOPICAL TERM | |
| Source of heading or term | armarc |
| Topical term or geographic name entry element | Novela doméstica |
| 650 #7 - SUBJECT ADDED ENTRY--TOPICAL TERM | |
| Source of heading or term | armarc |
| Topical term or geographic name entry element | Relaciones intergeneracionales |
| Form subdivision | Novela |
| 650 #7 - SUBJECT ADDED ENTRY--TOPICAL TERM | |
| Source of heading or term | armarc |
| Topical term or geographic name entry element | Pérdida (Psicología) |
| Form subdivision | Novela |
| 650 #7 - SUBJECT ADDED ENTRY--TOPICAL TERM | |
| Source of heading or term | armarc |
| Topical term or geographic name entry element | Mujeres |
| Geographic subdivision | Afganistan |
| Form subdivision | Novela |
| 651 #4 - SUBJECT ADDED ENTRY--GEOGRAPHIC NAME | |
| Geographic name | Afganistán |
| Form subdivision | Novela |
| 700 1# - ADDED ENTRY--PERSONAL NAME | |
| Personal name | Moral Bartolomé, Gema, |
| Relator term | traductor |
| 765 0# - ORIGINAL LANGUAGE ENTRY | |
| Main entry heading | Hosseini, Khaled, 1965- |
| Title | A thousand splendid suns |
| Place, publisher, and date of publication | [Lugar de publicación no identificado] : ATSS Publications, 2007 |
| 775 0# - OTHER EDITION ENTRY | |
| Main entry heading | Hosseini, Khaled, 1965- |
| Title | Mil soles espléndidos |
| Edition | 12a. edición |
| Place, publisher, and date of publication | Barcelona : Publicaciones y Ediciones Salamandra, 2011 |
| Record control number | (Mx-PuUPA) 31446 |
| International Standard Book Number | 9788498382327 |
| 942 ## - ADDED ENTRY ELEMENTS (KOHA) | |
| Source of classification or shelving scheme | Dewey Decimal Classification |
| Koha item type | Libro |
| Classification part | 813.6 |
| Item part | H8218 |
| Withdrawn status | Lost status | Source of classification or shelving scheme | Damaged status | Not for loan | Collection code | Home library | Current library | Shelving location | Date acquired | Total Checkouts | Full call number | Barcode | Date last seen | Price effective from | Koha item type |
|---|---|---|---|---|---|---|---|---|---|---|---|---|---|---|---|
| Dewey Decimal Classification | General | Angelópolis | Angelópolis | Sala general | 20/03/2025 | 813.6 H8218 2019 | 965000000327 | 20/03/2025 | 20/03/2025 | Libro |